The way it was

Bibliographic Details
Main Author: ARCHER
Format: Book
Published: Kuala Lumpur : United Selangor Press , 1984
Subjects:

MARC

LEADER 00000cam a2200000 7i4500
001 0000000231
005 20000721.0
090 0 0 |a 958.052   |b ARC 1984 
100 1 0 |a ARCHER   |h Alex L. 
245 1 4 |a The way it was   |c Alex L. Archer 
260 0 0 |a Kuala Lumpur :   |b United Selangor Press ,   |c 1984 
300 |a 138 p. :   |b ill. ;   |c 22 cm. 
650 0 0 |a Prisoners of war   |z Asia, Southeastern 
650 0 0 |a World War, 1939-1945   |x Prisoners and prisons 
999 |a 0000001069   |b Monograph   |c Open Shelf   |e Default branch